000 01072cab a2200265 4500
001 X93374
008 090401t1998 xxu||||| |||| 00| 0 eng d
035 _a(Sirsi) u87947
041 _aeng
245 _aR v SoS Environment ex parte Alliance against Birmingham Northern Relief Road
260 _c1998
350 _a0
490 _aNew Property Cases
_v[1998] NPC 129 (5/8/98)
520 _a"R v SoS Environment ex parte Alliance against Birmingham Northern Relief Road" QBD 29 July 1998. The commencement of the Birmingham Northern Relief Road is delayed by the quashing of the Orders made by the SoS. (Taken from journal headnote. Not to be photocopied.)
650 _aCONCESSION AGREEMENT
650 _aMIDLAND EXPRESSWAY LTD
650 _aNEW ROADS AND STREET WORKS ACT 1991
650 _aPRIVATE MOTORWAY
650 _aR V SOS ENVIRONMENT AND ANOTHER EX P ALLIANCE AGAINST THE BIRMINGHAM NORTHERN RELIEF ROAD
650 _aTOLLS
650 _aTOWN PLANNING
690 _aPLANNING LAW AND PRACTICE-CASE LAW
942 _n0
948 _c11/08/1998
999 _c55506
_d55506